000 00526nam a2200193 i 4500
001 27514
003 ES-MaACL
007 t|
008 030114s1981 sp ||||1| spa d
100 1 _aAyerra, Ramón.
_924149
245 1 3 _aEl jardín de las naciones /
_cRamón Ayerra.
250 _a1ª ed.
260 _aMadrid :
_bDebate,
_c[1981]
300 _a260 p. ;
_c18 cm.
490 1 _aDebate literatura ;
_v8
830 0 _aDebate literatura ;
_v8
_9181756
852 _aES-MaACL
_jL-7949
_bR.106950
999 _c27514
_d27514